A flight of pigeons / (Record no. 3357)
[ view plain ]
| 000 -LEADER | |
|---|---|
| fixed length control field | 00628nam a2200181 4500 |
| 001 - CONTROL NUMBER | |
| control field | 4098 |
| 005 - DATE AND TIME OF LATEST TRANSACTION | |
| control field | 20181127172618.0 |
| 020 00 - INTERNATIONAL STANDARD BOOK NUMBER | |
| International Standard Book Number | 9780143063223 |
| 090 00 - LOCALLY ASSIGNED LC-TYPE CALL NUMBER (OCLC); LOCAL CALL NUMBER (RLIN) | |
| Classification number (OCLC) (R) ; Classification number, CALL (RLIN) (NR) | FIC B7111f |
| 100 00 - MAIN ENTRY--PERSONAL NAME | |
| Personal name | Bond, Ruskin. |
| 245 00 - TITLE STATEMENT | |
| Title | A flight of pigeons / |
| Remainder of title | |
| Statement of responsibility, etc. | Ruskin Bond. |
| Medium | |
| 260 00 - PUBLICATION, DISTRIBUTION, ETC. | |
| Place of publication, distribution, etc. | London : |
| Name of publisher, distributor, etc. | Penguinbooks, |
| Date of publication, distribution, etc. | 2002. |
| 300 00 - PHYSICAL DESCRIPTION | |
| Extent | viii, 135 p. ; 135 cm. |
| 650 00 - SUBJECT ADDED ENTRY--TOPICAL TERM | |
| Topical term or geographic name entry element | India |
| General subdivision | |
| Topical term or geographic name entry element | India --Shahjahanpur (District) |
| General subdivision | |
| Topical term or geographic name entry element | Sepoy Rebellion (India : 1857-1858) |
| General subdivision | |
| 856 ## - ELECTRONIC LOCATION AND ACCESS | |
| Host name | |
| Uniform Resource Identifier | <a href="http://books.google.bt/books?vid=ISBN9780143063223&printsec=frontcover&redir_esc=y#v=onepage&q&f=true">http://books.google.bt/books?vid=ISBN9780143063223&printsec=frontcover&redir_esc=y#v=onepage&q&f=true</a> |
| Link text | Link to Google Books copy(incomplete version). |
| Public note | |
| Materials specified | |
| Withdrawn status | Lost status | Source of classification or shelving scheme | Damaged status | Not for loan | Collection code | Home library | Current library | Shelving location | Date acquired | Serial Enumeration / chronology | Inventory number | Total Checkouts | Full call number | Barcode | Date last seen | Date last checked out | Price effective from | Koha item type |
|---|---|---|---|---|---|---|---|---|---|---|---|---|---|---|---|---|---|---|
| Dewey Decimal Classification | Fiction | RTC Library | RTC Library | Fiction | 07/04/2022 | 6869 | 3 | FIC 813.54 BON | 30007192 | 21/11/2023 | 04/04/2023 | 27/11/2018 | Fiction |